| 000 | 00640cam a22002171 4500 | ||
|---|---|---|---|
| 001 | he 67000537 | ||
| 003 | DLC | ||
| 005 | 20260227111445.0 | ||
| 008 | 841105s1958 is 000 0 heb | ||
| 010 | _ahe 67000537 | ||
| 035 | _a(OCoLC)19198480 | ||
| 040 |
_aDLC _cMH _dDLC |
||
| 042 | _apremarc | ||
| 050 | 0 | 0 |
_aPJ5053.S315 _bK3 |
| 100 | 1 |
_aShalmon, Avraham, _d1903- |
|
| 245 | 1 | 3 |
_aha-Ḳasharit-ha-amitsah : _bsipur ʻalilah mi-yeme milḥemet ha-shiḥrur... |
| 260 |
_aTel Aviv : _bAlef, _c719 [1958 or 1959] |
||
| 300 |
_a252 p. : _bill. ; _c23 cm. |
||
| 650 | 0 |
_aIsrael-Arab War, 1948-1949 _vFiction. |
|
| 752 |
_aIsrael _dTel Aviv |
||
| 999 |
_c32242 _d32242 |
||